000 00856nam a22001937a 4500
999 _c10511
_d10511
003 AR-CdUCM
008 190401b ||||| |||| 00| 0 spa d
040 _aMUNICIPALIDAD PROVINCIAL DEL CUSCO
_cBIBLIOTECA MUNICIPAL DEL CUSCO
082 _a374.985 /
_bL55 / 1965
245 _aLey orgánica de educación publica y estatuto universitario :
_bconcordancias - modificaciones y ampliatorias /
260 _aLima :
_bR. M. 101 A L,
_c1965.
300 _a206 páginas ;
_c17 cm.
505 _aContenido: De la administración de la educación -- De la inspección de la educación -- De la educación -- Del personal de las escuelas y colegios -- De los derechos y goces del personal de educación ...
650 _aEducación
_9460
650 _aAspectos legales
_93379
650 _aAdministración pública
_927417
942 _2ddc
_cLIBROS
945 _aacv